Music Quiz

Random Music or Blitz Quiz

60 Second Blitz: Bands by Members Quiz Stats

 Plays Quiz Updated Mar 10, 2015

Score 0/20 Timer 01:00
12 Plays Today
Members Band % Correct
John Lennon, Paul McCartney, Ringo StarrThe Beatles
94.9%
Kurt Cobain, Krist Novoselic, Dave GrohlNirvana
93.1%
Keith Richards, Brian Jones, Mick JaggerThe Rolling Stones
87.3%
Gene Simmons, Peter Criss, Paul StanleyKISS
83.8%
Roger Daltrey, Pete Townshend, Keith MoonThe Who
77.7%
Bono, Adam Clayton, The EdgeU2
77%
Duff McKagan, Slash, Axl RoseGuns N' Roses
76.1%
Anthony Kiedis, Flea, Chad SmithRed Hot Chili Peppers
71.4%
Roger Taylor, Brian May, Freddie MercuryQueen
69.5%
James Hetfield, Lars Ulrich, Kirk HammettMetallica
64.7%
Members Band % Correct
Dave Grohl, Nate Mendel, Taylor HawkinsFoo Fighters
62.6%
Vince Neil, Nikki Sixx, Tommy LeeMötley Crüe
58.8%
Steven Tyler, Joey Kramer, Joe PerryAerosmith
56.7%
Ozzy Osbourne, Ronnie James Dio, Tony IommiBlack Sabbath
54.7%
Sting, Andy Summers, Stewart CopelandThe Police
54.3%
John Bonham, Robert Plant, Jimmy PageLed Zeppelin
53.9%
Eddie Vedder, Jeff Ament, Stone GossardPearl Jam
39.9%
Pat Wilson, Brian Bell, Rivers CuomoWeezer
37.1%
Jerry Cantrell, Sean Kinney, Layne StaleyAlice in Chains
26%
Brad Delp, Tom Scholz, Barry GourdeauBoston
14.7%

You're not logged in!

Compare scores with friends on all Sporcle quizzes.
OR
Log In

Show Comments

Extras

Top Quizzes Today


Score Distribution

Your Account Isn't Verified!

In order to create a playlist on Sporcle, you need to verify the email address you used during registration. Go to your Sporcle Settings to finish the process.

Report this User

Report this user for behavior that violates our Community Guidelines.

Details: